[Event "Muensterland Regionalliga 1819"]
[Site "Germany"]
[Date "2019.05.11"]
[Round "9.8"]
[White "Boeing, Frank"]
[Black "Schroeder, Lennart"]
[Result "1/2-1/2"]
[WhiteElo "1822"]
[BlackElo "1803"]
[PlyCount "35"]
[EventDate "2018.09.08"]
[EventType "team-tourn"]
[EventRounds "9"]
[EventCountry "GER"]
[SourceTitle "EXT 2020"]
[Source "ChessBase"]
[SourceDate "2019.10.17"]
[SourceVersion "1"]
[SourceVersionDate "2019.10.17"]
[SourceQuality "1"]
[WhiteTeam "Bocholt"]
[BlackTeam "Muenster III"]
[WhiteTeamCountry "GER"]
[BlackTeamCountry "GER"]

1. d4 e6 2. Nf3 f5 3. c4 Nf6 4. Nc3 d5 5. e3 c6 6. Bd3 Bd6 7. Qb3 0-0 8. 0-0 Ne4 9. cxd5 cxd5 10. Nb5 Nc6 11. Nxd6 Qxd6 12. Bd2 Rf6 13. Bxe4 fxe4 14. Ne5 Rh6 15. Bc3 b6 16. Qb5 Bd7 17. Qe2 Rf8 18. f4 1/2-1/2

[Event "Muensterland Regionalliga 1819"]
[Site "Germany"]
[Date "2019.01.12"]
[Round "5.8"]
[White "Boeing, Frank"]
[Black "Emunds, Hans Georg"]
[Result "0-1"]
[WhiteElo "1822"]
[BlackElo "2064"]
[PlyCount "138"]
[EventDate "2018.09.08"]
[EventType "team-tourn"]
[EventRounds "9"]
[EventCountry "GER"]
[SourceTitle "EXT 2020"]
[Source "ChessBase"]
[SourceDate "2019.10.17"]
[SourceVersion "1"]
[SourceVersionDate "2019.10.17"]
[SourceQuality "1"]
[WhiteTeam "Bocholt"]
[BlackTeam "Muenster II"]
[WhiteTeamCountry "GER"]
[BlackTeamCountry "GER"]

1. d4 Nf6 2. Nf3 b6 3. Bg5 Ne4 4. Bh4 g6 5. Nbd2 Bb7 6. c3 Bg7 7. e3 0-0 8. Qb3 Nxd2 9. Nxd2 d6 10. Nf3 Nd7 11. Be2 Nf6 12. 0-0 Qd7 13. Nd2 e6 14. Rad1 Ne4 15. Qb5 Bc6 16. Qd3 Nxd2 17. Rxd2 f5 18. f4 Be4 19. Qb5 c6 20. Qb3 b5 21. Qd1 a5 22. Bf3 Bd5 23. b3 a4 24. b4 Qf7 25. a3 Ra7 26. Re1 Kh8 27. Bf2 Bh6 28. g3 g5 29. Kh1 g4 30. Bg2 Bxg2+ 31. Kxg2 d5 32. Qe2 Rg8 33. Kh1 Bf8 34. Rc1 h5 35. Rf1 Qe8 36. Be1 Rh7 37. Rf2 Rg6 38. Qf1 Be7 39. Qg1 Bd8 40. Rc2 Kg7 41. Rfe2 Kf8 42. Rg2 Rgh6 43. Bf2 Kf7 44. Be1 Qh8 45. Rce2 h4 46. Rc2 hxg3 47. Bxg3 Rh3 48. Rce2 Bh4 49. Bxh4 R7xh4 50. Rg3 Rxg3 51. Qxg3 Rh3 52. Qg1 Qh5 53. Rg2 g3 54. Rxg3 Rxg3 55. Qxg3 Qd1+ 56. Kg2 Qc2+ 57. Kh3 Qxc3 58. Kh4 Qxa3 59. Kh5 Qxb4 60. Qg6+ Ke7 61. Qg7+ Kd8 62. Qb7 Qd6 63. Qa8+ Kd7 64. h4 Qe7 65. Qb7+ Ke8 66. Qxc6+ Kf8 67. Qc5 Qxc5 68. dxc5 a3 69. c6 Ke7 0-1

[Event "Muensterland Regionalliga 1718"]
[Site "Germany"]
[Date "2018.03.17"]
[Round "7.7"]
[White "Boeing, Frank"]
[Black "Boelker, Franz"]
[Result "1/2-1/2"]
[WhiteElo "1821"]
[BlackElo "1795"]
[PlyCount "32"]
[EventDate "2017.09.02"]
[EventType "team-tourn"]
[EventRounds "9"]
[EventCountry "GER"]
[SourceTitle "EXT 2019"]
[Source "ChessBase"]
[SourceDate "2018.10.10"]
[SourceVersion "1"]
[SourceVersionDate "2018.10.10"]
[SourceQuality "1"]
[WhiteTeam "Bocholt"]
[BlackTeam "Raesfeld Erle"]
[WhiteTeamCountry "GER"]
[BlackTeamCountry "GER"]

1. d4 d5 2. Nf3 Nf6 3. Bg5 e6 4. e3 Nbd7 5. Bd3 c6 6. Nbd2 Qc7 7. 0-0 Be7 8. Qe2 h6 9. Bh4 0-0 10. e4 dxe4 11. Nxe4 Re8 12. c3 b6 13. Rae1 Bb7 14. Bg3 Qd8 15. Nd6 Bxd6 16. Bxd6 c5 1/2-1/2

[Event "Muensterland Verbandsliga 1112"]
[Site "Germany"]
[Date "2012.01.07"]
[Round "5.8"]
[White "Boeing, Frank"]
[Black "Hartmann, Steffen"]
[Result "1-0"]
[WhiteElo "1849"]
[BlackElo "1821"]
[PlyCount "83"]
[EventDate "2011.09.24"]
[EventType "team-tourn"]
[EventRounds "9"]
[EventCountry "GER"]
[SourceTitle "EXT 2013"]
[Source "ChessBase"]
[SourceDate "2012.11.22"]
[SourceVersion "1"]
[SourceVersionDate "2012.11.22"]
[SourceQuality "1"]
[WhiteTeam "Bocholt"]
[BlackTeam "Muenster III"]
[WhiteTeamCountry "GER"]
[BlackTeamCountry "GER"]

1. d4 Nf6 2. Nf3 g6 3. c4 c5 4. e3 Bg7 5. Nc3 cxd4 6. exd4 0-0 7. Be2 d5 8. c5 b6 9. cxb6 Qxb6 10. h3 a5 11. 0-0 Ba6 12. Na4 Qa7 13. Be3 Bxe2 14. Qxe2 Na6 15. Rac1 Rfc8 16. Ne5 Qb7 17. Nc3 Rab8 18. a3 Nc7 19. Rc2 Ne6 20. Rfc1 Nd7 21. Nf3 Qb3 22. Nd2 Qb7 23. Nf3 Qb3 24. Nd2 Qb7 25. Nf3 Rc7 26. Nd1 Rbc8 27. Rxc7 Rxc7 28. Rxc7 Nxc7 29. Qc2 Nb5 30. Qa4 Qa6 31. Nc3 Nxc3 32. Qxd7 Ne2+ 33. Kh1 Qd6 34. Qe8+ Bf8 35. Bh6 e6 36. Ne5 Qe7 37. Qc8 Nxd4 38. Nd7 Nf5 39. Bxf8 Nd6 40. Qb8 Qxd7 41. Bxd6+ Kg7 42. Bf8+ 1-0

[Event "Muensterland Verbandsliga 1011"]
[Site "Germany"]
[Date "2011.03.26"]
[Round "8.8"]
[White "Boeing, Frank"]
[Black "Willermann, Norbert"]
[Result "1-0"]
[WhiteElo "1869"]
[BlackElo "1758"]
[PlyCount "69"]
[EventDate "2010.09.25"]
[EventType "team-tourn"]
[EventRounds "9"]
[EventCountry "GER"]
[SourceTitle "EXT 2012"]
[Source "ChessBase"]
[SourceDate "2011.11.24"]
[SourceVersion "1"]
[SourceVersionDate "2011.11.24"]
[SourceQuality "1"]
[WhiteTeam "Bocholt"]
[BlackTeam "Ostbevern Westbevern"]
[WhiteTeamCountry "GER"]
[BlackTeamCountry "GER"]

1. d4 d5 2. Nf3 Nf6 3. Bg5 e6 4. e3 c5 5. c3 Be7 6. Bd3 Nbd7 7. Nbd2 0-0 8. Rc1 c4 9. Bb1 b5 10. 0-0 b4 11. Qc2 bxc3 12. Qxc3 Bb7 13. Qc2 Rc8 14. Ne5 g6 15. Bh6 Re8 16. Ndf3 Ne4 17. Qe2 Ndf6 18. h3 Bf8 19. Bf4 Qb6 20. Ng5 Ba6 21. Nxe4 Nxe4 22. Bxe4 dxe4 23. Nxc4 Rxc4 24. Rxc4 Bxc4 25. Qxc4 Qxb2 26. Qa4 Ra8 27. Qc6 Rd8 28. a4 a5 29. Qxe4 Rc8 30. Rb1 Rc1+ 31. Rxc1 Qxc1+ 32. Kh2 Qd2 33. Qa8 Kg7 34. Be5+ f6 35. Bxf6+ 1-0

[Event "Muensterland Verbandsliga 0910"]
[Site "Germany"]
[Date "2010.05.08"]
[Round "9.3"]
[White "Graelken, Matthias"]
[Black "Boeing, Frank"]
[Result "1-0"]
[WhiteElo "2026"]
[BlackElo "1915"]
[PlyCount "59"]
[EventDate "2009.09.26"]
[EventType "team-tourn"]
[EventRounds "9"]
[EventCountry "GER"]
[SourceTitle "EXT 2011"]
[Source "ChessBase"]
[SourceDate "2010.11.26"]
[SourceVersion "1"]
[SourceVersionDate "2010.11.26"]
[SourceQuality "1"]
[WhiteTeam "Steinfurt"]
[BlackTeam "Bocholt"]
[WhiteTeamCountry "GER"]
[BlackTeamCountry "GER"]

1. d4 e6 2. Nf3 d5 3. e3 Nf6 4. c4 c6 5. Nc3 Bd6 6. Bd3 Nbd7 7. 0-0 0-0 8. e4 dxe4 9. Nxe4 Nxe4 10. Bxe4 Nf6 11. Bc2 h6 12. Qe2 b6 13. Rd1 Qc7 14. b3 Bb7 15. Bb2 Be7 16. Re1 Rfd8 17. a3 Rac8 18. Rad1 a5 19. Bb1 Ba8 20. Ne5 Rd6 21. b4 axb4 22. axb4 c5 23. dxc5 Rxd1 24. Rxd1 bxc5 25. b5 Bd6 26. h3 Rd8 27. Re1 Qb6 28. Bc3 Bb8 29. Ng4 Nh5 30. Nxh6+ 1-0

[Event "Muensterland Verbandsliga 0910"]
[Site "Germany"]
[Date "2009.11.28"]
[Round "3.4"]
[White "Kempe, Frank"]
[Black "Boeing, Frank"]
[Result "1-0"]
[WhiteElo "1990"]
[BlackElo "1915"]
[PlyCount "37"]
[EventDate "2009.09.26"]
[EventType "team-tourn"]
[EventRounds "9"]
[EventCountry "GER"]
[SourceTitle "EXT 2011"]
[Source "ChessBase"]
[SourceDate "2010.11.26"]
[SourceVersion "1"]
[SourceVersionDate "2010.11.26"]
[SourceQuality "1"]
[WhiteTeam "Suedlohn"]
[BlackTeam "Bocholt"]
[WhiteTeamCountry "GER"]
[BlackTeamCountry "GER"]

1. e4 e6 2. d4 d5 3. Nc3 Bb4 4. e5 c5 5. a3 Bxc3+ 6. bxc3 Qc7 7. Qg4 f5 8. Qg3 Nc6 9. Ne2 cxd4 10. f4 dxc3 11. a4 Nb4 12. Nd4 Kf8 13. Kd1 a5 14. h4 h5 15. Ra3 Bd7 16. Rxc3 Qb6 17. Be3 Bxa4 18. Nxf5 d4 19. Qxg7+ 1-0

[Event "Muensterland Verbandsliga 0809"]
[Site "Germany"]
[Date "2008.12.13"]
[Round "4.3"]
[White "Boeing, Frank"]
[Black "Doennebrink, Elmar"]
[Result "1-0"]
[WhiteElo "1861"]
[BlackElo "2160"]
[PlyCount "78"]
[EventDate "2008.09.20"]
[EventType "team-tourn"]
[EventRounds "9"]
[EventCountry "GER"]
[SourceTitle "EXT 2010"]
[Source "ChessBase"]
[SourceDate "2010.11.25"]
[SourceVersion "1"]
[SourceVersionDate "2010.11.25"]
[SourceQuality "1"]
[WhiteTeam "Bocholt"]
[BlackTeam "Suedlohn"]
[WhiteTeamCountry "GER"]
[BlackTeamCountry "GER"]

1. d4 Nf6 2. Nf3 g6 3. c4 Bg7 4. Nc3 c5 5. d5 0-0 6. e4 d6 7. h3 e5 8. Bg5 h6 9. Be3 Ne8 10. Qd2 Kh7 11. g4 Nd7 12. Bd3 a6 13. Ne2 Rb8 14. a4 Nc7 15. Ng3 b5 16. cxb5 axb5 17. a5 c4 18. Bc2 Nc5 19. Bxc5 dxc5 20. 0-0 b4 21. Ba4 Ba6 22. Rfc1 Qd6 23. Nf1 f5 24. gxf5 gxf5 25. Bc2 f4 26. Bd1 Bf6 27. Kh2 Nb5 28. Ba4 Nd4 29. Nxd4 cxd4 30. Bc6 Rg8 31. Qd1 c3 32. bxc3 bxc3 33. Kh1 Rb2 34. Qh5 Rg5 35. Qf7+ Rg7 36. Qh5 Rxf2 37. Nh2 Bc8 38. a6 Qc5 39. Ng4 Bxg4 1-0

[Event "Muensterland Verbandsliga 0809"]
[Site "Germany"]
[Date "2008.09.20"]
[Round "1.4"]
[White "Boeing, Frank"]
[Black "Boesel, Alexander"]
[Result "1-0"]
[WhiteElo "1861"]
[BlackElo "2017"]
[PlyCount "61"]
[EventDate "2008.09.20"]
[EventType "team-tourn"]
[EventRounds "9"]
[EventCountry "GER"]
[SourceTitle "EXT 2010"]
[Source "ChessBase"]
[SourceDate "2010.11.25"]
[SourceVersion "1"]
[SourceVersionDate "2010.11.25"]
[SourceQuality "1"]
[WhiteTeam "Bocholt"]
[BlackTeam "Olfen"]
[WhiteTeamCountry "GER"]
[BlackTeamCountry "GER"]

1. d4 d5 2. c4 e6 3. Nc3 Nf6 4. Bg5 c6 5. e3 Nbd7 6. Nf3 Be7 7. Qc2 0-0 8. a3 h6 9. Bh4 Re8 10. Be2 a6 11. 0-0 dxc4 12. Bxc4 b5 13. Ba2 c5 14. Rad1 Qb6 15. d5 c4 16. Bb1 Bb7 17. dxe6 Qxe6 18. Nd4 Qg4 19. Bg3 Nc5 20. f3 Qh5 21. Qf2 Rad8 22. Bc7 Bd6 23. Bxd6 Rxd6 24. Nf5 Rdd8 25. Ne2 Nd3 26. Bxd3 cxd3 27. Neg3 Qg5 28. h4 Qg6 29. e4 Nd7 30. Rxd3 Ne5 31. Rxd8 1-0

[Event "Muensterland Verbandsliga 0708"]
[Site "Germany"]
[Date "2007.09.08"]
[Round "1.3"]
[White "Boeing, Frank"]
[Black "Roescher, Mark"]
[Result "0-1"]
[WhiteElo "1894"]
[BlackElo "2022"]
[PlyCount "96"]
[EventDate "2007.09.08"]
[EventType "team"]
[EventRounds "9"]
[EventCountry "GER"]
[SourceTitle "EXT 2009"]
[Source "ChessBase"]
[SourceDate "2008.11.26"]
[SourceVersion "1"]
[SourceVersionDate "2008.11.26"]
[SourceQuality "1"]
[WhiteTeam "Bocholt"]
[BlackTeam "Heiden"]
[WhiteTeamCountry "GER"]
[BlackTeamCountry "GER"]

1. d4 Nf6 2. Nf3 g6 3. c4 Bg7 4. Nc3 d6 5. h3 0-0 6. Bf4 Nbd7 7. e3 c6 8. Be2 Re8 9. d5 cxd5 10. cxd5 Qa5 11. 0-0 Nc5 12. a3 Nfe4 13. Nxe4 Nxe4 14. b4 Qb6 15. Rc1 Nc3 16. Qd2 Nxe2+ 17. Qxe2 Bd7 18. Rfe1 a5 19. e4 axb4 20. axb4 Ra4 21. Bd2 Ra2 22. Qc4 Rea8 23. Qc7 Qb5 24. e5 dxe5 25. Rc5 Qa4 26. Qxb7 Ra1 27. Rxa1 Qxa1+ 28. Rc1 Qa4 29. Rc7 Rd8 30. Be3 e4 31. Nd2 Be5 32. g3 Bxc7 33. Qxc7 Rc8 34. Qe5 Qxb4 35. Nxe4 f6 36. Qf4 Rc4 37. Nxf6+ exf6 38. Qxf6 Qf8 39. Qe5 Qg7 40. Qb8+ Rc8 41. Qb6 h6 42. Bd4 Qf7 43. h4 Kh7 44. h5 gxh5 45. Be3 Qg6 46. Qb7 Qg7 47. Bd4 Rc1+ 48. Kh2 Qg4 0-1

[Event "Muensterland Verbandsliga 0607"]
[Site "Germany"]
[Date "2007.03.17"]
[Round "7.6"]
[White "Boeing, Frank"]
[Black "Fischer, Andreas"]
[Result "1/2-1/2"]
[WhiteElo "1821"]
[BlackElo "1909"]
[PlyCount "29"]
[EventDate "2006.09.16"]
[EventType "team"]
[EventRounds "9"]
[EventCountry "GER"]
[SourceTitle "EXT 2008"]
[Source "ChessBase"]
[SourceDate "2007.11.25"]
[SourceVersion "1"]
[SourceVersionDate "2007.11.25"]
[SourceQuality "1"]
[WhiteTeam "Bocholt"]
[BlackTeam "Saerbeck"]
[WhiteTeamCountry "GER"]
[BlackTeamCountry "GER"]

1. d4 d5 2. c4 e6 3. Nc3 f5 4. Nf3 Nf6 5. h3 c6 6. Bg5 Be7 7. e3 0-0 8. Be2 Ne4 9. Bf4 Nd7 10. 0-0 Ndf6 11. Ne5 Nxc3 12. bxc3 Ne4 13. Qd3 Nd6 14. c5 Nf7 15. Rab1 1/2-1/2

[Event "Bahn-chT"]
[Site "Gemuend"]
[Date "1999.10.30"]
[Round "7.2"]
[White "Ilgner, Andreas"]
[Black "Boeing, Frank"]
[Result "1-0"]
[WhiteElo "2117"]
[BlackElo "1859"]
[PlyCount "95"]
[EventDate "1999.10.24"]
[EventType "team"]
[EventRounds "7"]
[EventCountry "GER"]
[SourceTitle "EXT 2003"]
[Source "ChessBase"]
[SourceDate "2002.11.25"]
[SourceVersion "1"]
[SourceVersionDate "2002.11.25"]
[SourceQuality "1"]
[WhiteTeam "Hamburg (Bahn)"]
[BlackTeam "Hannover (Bahn)"]
[WhiteTeamCountry "GER"]
[BlackTeamCountry "GER"]

1. d4 e6 2. c4 d5 3. Nc3 c6 4. e4 Nf6 5. e5 Nfd7 6. cxd5 cxd5 7. f4 a6 8. Be3 Bb4 9. Bd3 Nc6 10. Nge2 f5 11. 0-0 0-0 12. Kh1 Nb6 13. b3 Bd7 14. a3 Bxc3 15. Nxc3 Rc8 16. Ne2 Be8 17. Qe1 Ne7 18. a4 Bf7 19. Bc1 Re8 20. Ba3 Rc6 21. Qb4 Nbc8 22. Rac1 Qd7 23. Qd2 Kh8 24. Bc5 Rc7 25. Rc2 Ng8 26. Rfc1 Nh6 27. Bb4 Rc6 28. Rxc6 bxc6 29. Bxa6 Ne7 30. Qc3 Ra8 31. Bd3 Be8 32. h3 Ng6 33. Qc5 Qb7 34. Rb1 Nf7 35. Be1 Bd7 36. a5 Bc8 37. b4 h6 38. Kh2 Nd8 39. b5 Ne7 40. Bb4 Ng6 41. Qd6 Bd7 42. a6 Qc8 43. b6 Rb8 44. Qc7 Nb7 45. Qxc8+ Bxc8 46. axb7 Bxb7 47. Ra1 Kg8 48. Bd6 1-0

[Event "Bahn-chT"]
[Site "Gemuend"]
[Date "1999.10.26"]
[Round "4.2"]
[White "Boeing, Frank"]
[Black "Kugelmann, Werner"]
[Result "0-1"]
[WhiteElo "1859"]
[BlackElo "2137"]
[PlyCount "38"]
[EventDate "1999.10.24"]
[EventType "team"]
[EventRounds "7"]
[EventCountry "GER"]
[SourceTitle "EXT 2003"]
[Source "ChessBase"]
[SourceDate "2002.11.25"]
[SourceVersion "1"]
[SourceVersionDate "2002.11.25"]
[SourceQuality "1"]
[WhiteTeam "Hannover (Bahn)"]
[BlackTeam "Muenchen (Bahn)"]
[WhiteTeamCountry "GER"]
[BlackTeamCountry "GER"]

1. d4 c5 2. d5 e5 3. c4 d6 4. Nc3 f5 5. e4 Nf6 6. Bd3 fxe4 7. Nxe4 Be7 8. Nxf6+ Bxf6 9. Qh5+ g6 10. Qh6 Qe7 11. h4 e4 12. Bc2 Bf5 13. Ne2 Nd7 14. Bg5 Ne5 15. b3 Ng4 16. Bxf6 Qxf6 17. Qc1 e3 18. f3 Bxc2 19. fxg4 Qf2# 0-1

[Event "Bahn-chT"]
[Site "Friedrichroda"]
[Date "1997.10.27"]
[Round "3.5"]
[White "Osten, Stefan"]
[Black "Boeing, Frank"]
[Result "1/2-1/2"]
[WhiteElo "1619"]
[BlackElo "1854"]
[PlyCount "42"]
[EventDate "1997.10.25"]
[EventType "team"]
[EventRounds "7"]
[EventCountry "GER"]
[SourceTitle "EXT 2009"]
[Source "ChessBase"]
[SourceDate "2008.11.26"]
[SourceVersion "1"]
[SourceVersionDate "2008.11.26"]
[SourceQuality "1"]
[WhiteTeam "Hannover (Bahn)"]
[BlackTeam "Saarbruecken (Bahn)"]
[WhiteTeamCountry "GER"]
[BlackTeamCountry "GER"]

1. c4 Nf6 2. Nc3 d6 3. g3 e5 4. Bg2 Be7 5. e3 c6 6. Nge2 Bf5 7. Qb3 Qd7 8. 0-0 Bh3 9. d4 Bxg2 10. Kxg2 0-0 11. dxe5 dxe5 12. Rd1 Qc8 13. e4 Na6 14. Be3 Ng4 15. Nb1 Bc5 16. Bxc5 Nxc5 17. Qc2 Nf6 18. f3 Ne6 19. c5 Ng5 20. Ng1 Rd8 21. Na3 Qc7 1/2-1/2